Topografía / (Registro nro. 474)
[ vista simple ]
| 000 -LEADER | |
|---|---|
| fixed length control field | 02394nam a2200265Ia 4500 |
| 003 - CONTROL NUMBER IDENTIFIER | |
| control field | PE SENCICO BE |
| 005 - DATE AND TIME OF LATEST TRANSACTION | |
| control field | 20251020182439.0 |
| 008 - FIXED-LENGTH DATA ELEMENTS--GENERAL INFORMATION | |
| fixed length control field | 200515s2000 xx a 000 0 und d |
| 020 ## - INTERNATIONAL STANDARD BOOK NUMBER | |
| International Standard Book Number | 958-8060-12-5 |
| 040 ## - CATALOGING SOURCE | |
| Original cataloging agency | PE SENCICO BE |
| Transcribing agency | PE SENCICO BE |
| 041 ## - LANGUAGE CODE | |
| Language code of text/sound track or separate title | spa |
| 082 ## - DEWEY DECIMAL CLASSIFICATION NUMBER | |
| Classification number | 526.9 |
| Item number | T73 2001 |
| 100 1# - MAIN ENTRY--PERSONAL NAME | |
| Personal name | Torres Nieto, Álvaro |
| 9 (RLIN) | 123 |
| Relator term | autor |
| 245 10 - TITLE STATEMENT | |
| Title | Topografía / |
| Statement of responsibility, etc. | Álvaro Torres Nieto, Eduardo Villate Bonilla |
| 250 ## - EDITION STATEMENT | |
| Edition statement | 4a ed. |
| 260 ## - PUBLICATION, DISTRIBUTION, ETC. | |
| Place of publication, distribution, etc. | Bogotá: |
| Name of publisher, distributor, etc. | Escuela Colombiana de Ingeniería, |
| Date of publication, distribution, etc. | 2000 |
| 300 ## - PHYSICAL DESCRIPTION | |
| Extent | 460 p.: |
| Other physical details | il., col., tbl., graf.; |
| Dimensions | 24 cm. |
| 505 0# - FORMATTED CONTENTS NOTE | |
| Formatted contents note | 1. Introducciones. Nociones generales. -- 2. Mediciones con cinta. -- 3. Levantamiento de un lote por cinta únicamente. -- 4. Ángulos y direcciones. -- 5. La brújula y sus aplicaciones. -- 6. Dibujo topográfico. -- 7. El teodolito. -- 8. Diversos usos del teodolito. -- 9. Métodos para medir un terreno con tránsito y cinta. -- 10. Fórmulas para el cálculo del área. -- 11. Triangulación y trilateración. -- 12. Generalidades sobre otras clases de levantamiento. -- 13. Particiones. -- 14. Urbanizaciones. -- 15. Introducción a la altimetría. -- 16. Aparatos empleados en nivelación. -- 17. Nivelación barométrica. -- 18. Nivelación trigonométrica. -- 19. Nivelación directa (o geométrica). -- 20. Curvas de nivel - perfil -nivelación. -- 21. Ajuste de una nivelación. -- 22. Taquimetría. -- 23. Nociones de trazado. -- 24. Factores geométricos en el diseño de una vía. -- 25. Localización del proyecto en el terreno. -- 26. Estacas de chaflan y cubicación. -- 27. Nociones de fotogrametría. -- 28. Determinación de Azimut por altura absoluta del sol. -- 29. Principales características de los aparatos modernos empelados en topografía. -- 30. Topografía hidrográfica. -- 31. Sistema de posicionamiento global. -- 32. Sistema de información geográfica.-- 33. Computadores y su utilización en topografía. -- 34. Fórmulas. |
| 520 3# - SUMMARY, ETC. | |
| Summary, etc. | Los avances en informática y en tecnología inalámbrica y satelital hicieron imperiosa una revisión total de la obra y la adición de nuevos capítulos sobre sistemas de información geográfica, topografía hidrográfica y GPS. |
| 650 10 - SUBJECT ADDED ENTRY--TOPICAL TERM | |
| Topical term or geographic name entry element | Topografía |
| 9 (RLIN) | 4 |
| 650 20 - SUBJECT ADDED ENTRY--TOPICAL TERM | |
| Topical term or geographic name entry element | Fotogrametría |
| 9 (RLIN) | 120 |
| 650 20 - SUBJECT ADDED ENTRY--TOPICAL TERM | |
| Topical term or geographic name entry element | Sistemas de Información Geográfica (SIG) |
| 9 (RLIN) | 125 |
| 700 1# - ADDED ENTRY--PERSONAL NAME | |
| 9 (RLIN) | 126 |
| Personal name | Villate Bonilla, Eduardo |
| Relator term | autor |
| 942 ## - ADDED ENTRY ELEMENTS (KOHA) | |
| Koha item type | Libros |
| Source of classification or shelving scheme | Dewey Decimal Classification |
| Fecha de la última vez que lo usaron | Número de ingreso o de inventario | Pago total | Signatura topográfica completa | Código de barras | Precio efectivo desde | Tipo de documento | Estado perdido | Sistema de clasificación | Estado dañado | No es para préstamo | Retirado | Ubicación permanente | Ubicación actual | Fecha de adquisición | Número de ejemplar |
|---|---|---|---|---|---|---|---|---|---|---|---|---|---|---|---|
| 15/05/2020 | 12044 | 526.9/T73/2001 | BibLima25080006 | 15/05/2020 | Libros | Dewey Decimal Classification | Biblioteca Central Lima | Biblioteca Central Lima | 08/03/2002 | ||||||
| 30/11/2022 | 16540 | 526.9/T73/2001/ej. 2 | BibLima25080007 | 30/11/2022 | Libros | Dewey Decimal Classification | Biblioteca Central Lima | Biblioteca Central Lima | 26/11/2019 | 2 |